000
00220nam a22000857a 4500
008
160827b xxu||||| |||| 00| 0 eng d
100
_9
248
_a
Misra, R.R
245
_a
Chemistry XI
260
_a
New Delhi
_b
Arya publication
_c
2005
999
_c
2904
_d
2904